El Renacimiento en Valladolid : (Record no. 160376)

MARC details
000 -LEADER
campo de control de longitud fija 00818nam a2200181 i 4500
001 - NÚMERO DE CONTROL
campo de control 160376
003 - IDENTIFICADOR DE NÚMERO DE CONTROL
campo de control ES-MaACL
005 - FECHA Y HORA DE LA ÚLTIMA TRANSACCIÓN
campo de control 20230906212021.0
008 - DATOS DE LONGITUD FIJA--INFORMACIÓN GENERAL
campo de control de longitud fija 990518s1885 sp |||| | spa d
040 ## - FUENTE DE CATALOGACIÓN
Centro catalogador/agencia de origen CCPB | B
Lengua de catalogación spa
Centro/agencia transcriptor CCPB | B
100 1# - ENTRADA PRINCIPAL--NOMBRE DE PERSONA
Nombre de persona Muñoz Peña, Pedro.
9 (RLIN) 130324
245 13 - MENCIÓN DEL TÍTULO
Título El Renacimiento en Valladolid :
Resto del título estudio crítico de las principales manifestaciones artísticas que de dicha época existen en esta ciudad /
Mención de responsabilidad, etc. por Pedro Muñoz Peña.
260 ## - PUBLICACIÓN, DISTRIBUCIÓN, ETC.
Lugar de publicación, distribución, etc. Valladolid :
Nombre del editor, distribuidor, etc. [s.n.],
Fecha de publicación, distribución, etc. 1885 (
Fabricante Imp. de Torres y Martinez)
300 ## - DESCRIPCIÓN FÍSICA
Extensión 112 p. ;
Dimensiones 20 cm.
500 #1 - NOTA GENERAL
Nota general Obra premiada con medalla de plata en los juegos florales de Valladolid.
650 #4 - PUNTO DE ACCESO ADICIONAL DE MATERIA--TÉRMINO DE MATERIA
Término de materia o nombre geográfico como elemento de entrada Arte renacentista-
Subdivisión geográfica Valladolid.
9 (RLIN) 160074
852 ## - LOCALIZACIÓN
Ubicación ES-MaACL
Número de control de estantería T-417-F-1
Nota libre -- Enc. hol.
condición física -- Falto de la cub. original
Nota libre -- Enc. en un vol. facticio
Holdings
Estatus retirado Estado de pérdida Estado de daño No para préstamo Colección Biblioteca de origen Biblioteca actual Ubicación en estantería Fecha de adquisición Total de préstamos Signatura topográfica completa Código de barras Visto por última vez Precio de reemplazo Tipo de ítem Koha
        Colección de folletos Biblioteca del Ateneo de Madrid Biblioteca del Ateneo de Madrid Depósito folletos 17/01/2008   T-417-F-1 1167924 23/02/2023 23/02/2023 Folleto